[Event "BCF-chT3 1415 (4NCL)"]
[Site "England"]
[Date "2015.05.03"]
[Round "10.118"]
[White "Jeffries, Majid"]
[Black "Devangi, Patankar"]
[Result "1/2-1/2"]
[WhiteElo "1993"]
[BlackElo "2100"]
[PlyCount "89"]
[EventDate "2015.03.21"]
[EventType "team-swiss"]
[EventRounds "11"]
[EventCountry "ENG"]
[SourceTitle "EXT 2016"]
[Source "ChessBase"]
[SourceDate "2015.10.08"]
[SourceVersion "1"]
[SourceVersionDate "2015.10.08"]
[SourceQuality "1"]
[WhiteTeam "BCM Rhinos II"]
[BlackTeam "Midland Monarchs"]
[WhiteTeamCountry "ENG"]
[BlackTeamCountry "ENG"]

1. c4 e6 2. d4 Nf6 3. Nf3 d5 4. Nc3 Be7 5. Bg5 0-0 6. e3 Nbd7 7. Bd3 c6 8. 0-0 a6 9. cxd5 exd5 10. a4 Re8 11. Qc2 h6 12. Bh4 Nf8 13. Rfe1 Ne6 14. Ne5 c5 15. dxc5 Nxc5 16. f4 Be6 17. f5 Bd7 18. Rad1 Bc6 19. Nxc6 bxc6 20. Be2 Qb6 21. Bf3 Rab8 22. Re2 Qb3 23. Bg3 Rb4 24. Rd4 Nfd7 25. Rxb4 Qxb4 26. Be1 Qc4 27. b4 Nd3 28. b5 axb5 29. axb5 Nxe1 30. Rxe1 Bb4 31. bxc6 Qxc6 32. Rc1 Rc8 33. Nxd5 Qxc2 34. Rxc2 Rxc2 35. Nxb4 Rb2 36. Nc6 Kf8 37. h3 Nb8 38. Nxb8 Rxb8 39. Kf2 Ke7 40. Kg3 Kf6 41. Kf4 Rb4+ 42. Be4 Ra4 43. g4 Ra2 44. h4 Rf2+ 45. Bf3 1/2-1/2

[Event "IND-chB (Women)"]
[Site "Shilpgram"]
[Date "2010.08.22"]
[Round "3"]
[White "Devangi, Patankar"]
[Black "Shweta, Gole"]
[Result "1-0"]
[WhiteElo "2121"]
[BlackElo "1806"]
[PlyCount "119"]
[EventDate "2010.08.20"]
[EventType "swiss"]
[EventRounds "11"]
[EventCountry "IND"]
[SourceTitle "CBM 138 Extra"]
[Source "ChessBase"]
[SourceDate "2010.10.29"]
[SourceVersion "1"]
[SourceVersionDate "2010.10.29"]
[SourceQuality "1"]

1. e4 e6 2. d4 d5 3. Nc3 Nf6 4. Bg5 Be7 5. e5 Nfd7 6. h4 Nc6 7. Nh3 h6 8. Bxe7 Qxe7 9. Qg4 f6 10. Nb5 0-0 11. Nf4 f5 12. Qg3 Nb6 13. Qd3 a6 14. Nc3 Qb4 15. Ng6 Rf7 16. Rd1 Qxb2 17. Rb1 Qa3 18. Qd2 Qa5 19. Rh3 Na4 20. Ne2 Qxd2+ 21. Kxd2 Nb6 22. Kc3 Bd7 23. Nef4 Ne7 24. f3 Nxg6 25. Nxg6 Be8 26. Bd3 Rd7 27. Nf4 Kf7 28. Bxf5 Re7 29. Bd3 Kg8 30. g4 Bd7 31. g5 Rf7 32. Ne2 Na4+ 33. Kd2 b5 34. Rg1 Kf8 35. gxh6 gxh6 36. Rg6 c5 37. Rxh6 Ke7 38. Bg6 Rg7 39. Nf4 Rag8 40. c3 Nb6 41. Rg3 Be8 42. Rg4 Nc4+ 43. Ke2 b4 44. cxb4 Bb5 45. Bd3 Rxg4 46. fxg4 Rxg4 47. Kf3 Rg7 48. Rxe6+ Kd7 49. Bxc4 dxc4 50. dxc5 Bc6+ 51. Ke3 Rg3+ 52. Ke2 Bb5 53. Rd6+ Kc7 54. Ne6+ Kb7 55. c6+ Ka7 56. a4 Bxa4 57. c7 Kb7 58. Rd8 Bd7 59. Rxd7 c3 60. Rd8 1-0

[Event "IND-chB (Women)"]
[Site "Shilpgram"]
[Date "2010.08.22"]
[Round "4"]
[White "Harini, S."]
[Black "Devangi, Patankar"]
[Result "1/2-1/2"]
[WhiteElo "2062"]
[BlackElo "2121"]
[PlyCount "46"]
[EventDate "2010.08.20"]
[EventType "swiss"]
[EventRounds "11"]
[EventCountry "IND"]
[SourceTitle "CBM 138 Extra"]
[Source "ChessBase"]
[SourceDate "2010.10.29"]
[SourceVersion "1"]
[SourceVersionDate "2010.10.29"]
[SourceQuality "1"]

1. e4 e6 2. d4 d5 3. Nc3 Nf6 4. e5 Nfd7 5. f4 c5 6. Nf3 Nc6 7. Be3 Be7 8. Qd2 0-0 9. Be2 f6 10. exf6 Nxf6 11. dxc5 Qa5 12. 0-0-0 Bxc5 13. Bxc5 Qxc5 14. Nd4 Bd7 15. Nb3 Qe7 16. Rhe1 Rfd8 17. Bf3 Qf7 18. Qe3 Qg6 19. Nd4 Re8 20. Nxc6 Bxc6 21. Qd4 b5 22. Rd2 a5 23. Qd3 Qxd3 1/2-1/2

[Event "IND-ch U17 Girls 20th"]
[Site "Chakradharpur"]
[Date "2009.10.12"]
[Round "8"]
[White "Devangi, Patankar"]
[Black "Saranya, J."]
[Result "0-1"]
[WhiteElo "2162"]
[BlackElo "2132"]
[PlyCount "72"]
[EventDate "2009.10.07"]
[EventType "swiss"]
[EventRounds "11"]
[EventCountry "IND"]
[SourceTitle "CBM 132 Extra"]
[Source "ChessBase"]
[SourceDate "2009.11.03"]
[SourceVersion "1"]
[SourceVersionDate "2009.11.03"]
[SourceQuality "1"]

1. e4 c5 2. Nf3 d6 3. d4 cxd4 4. Nxd4 Nf6 5. Nc3 a6 6. Bc4 e6 7. Bb3 b5 8. Qf3 Qc7 9. Bg5 Be7 10. 0-0-0 Nbd7 11. Rhe1 0-0 12. Qg3 Nc5 13. Bd5 exd5 14. Bxf6 Bxf6 15. Nxd5 Qd8 16. Nc6 Bh4 17. Qc3 Qe8 18. g3 Bd8 19. Nxd8 Qxd8 20. e5 Na4 21. Qb4 Be6 22. Nf6+ gxf6 23. Rxd6 Qc7 24. Qh4 Rfc8 25. Re2 Qc4 26. Qxf6 Qg4 27. Red2 Qf5 28. f4 Qxf6 29. exf6 Nc5 30. R2d4 Bxa2 31. Kd2 Be6 32. b4 Nd7 33. c3 Nxf6 34. f5 Ne8 35. Rg4+ Kf8 36. Rdd4 Bxf5 0-1

[Event "IND Challenger (Women)"]
[Site "Nagpur"]
[Date "2009.09.11"]
[Round "7"]
[White "Devangi, Patankar"]
[Black "Sahajasri, Cholleti"]
[Result "1/2-1/2"]
[WhiteElo "2162"]
[BlackElo "1942"]
[PlyCount "50"]
[EventDate "2009.09.07"]
[EventType "swiss"]
[EventRounds "11"]
[EventCountry "IND"]
[SourceTitle "CBM 132 Extra"]
[Source "ChessBase"]
[SourceDate "2009.11.03"]
[SourceVersion "1"]
[SourceVersionDate "2009.11.03"]
[SourceQuality "1"]

1. e4 c5 2. Nf3 d6 3. d4 cxd4 4. Nxd4 Nf6 5. Nc3 a6 6. Bc4 e6 7. Bb3 b5 8. Qf3 Qb6 9. Be3 Qb7 10. 0-0-0 Nbd7 11. Rhe1 Nc5 12. Bg5 Be7 13. Kb1 0-0 14. Qg3 Nfxe4 15. Nxe4 Nxe4 16. Rxe4 Bxg5 17. Rde1 d5 18. Rg4 Bf6 19. Qf3 Kh8 20. Rf4 Bg5 21. Rg4 Bf6 22. Rf4 Bg5 23. Rg4 Bf6 24. Rf4 Bg5 25. Rg4 Bf6 1/2-1/2

[Event "Balaguer op 14th"]
[Site "Balaguer"]
[Date "2009.07.19"]
[Round "7"]
[White "Fluvia Poyatos, Jordi"]
[Black "Devangi, Patankar"]
[Result "1-0"]
[WhiteElo "2449"]
[BlackElo "2079"]
[PlyCount "67"]
[EventDate "2009.07.13"]
[EventType "swiss"]
[EventRounds "10"]
[EventCountry "ESP"]
[SourceTitle "CBM 131 Extra"]
[Source "ChessBase"]
[SourceDate "2009.09.03"]
[SourceVersion "2"]
[SourceVersionDate "2009.09.16"]
[SourceQuality "1"]

1. e4 e6 2. d4 d5 3. Nc3 Nf6 4. e5 Nfd7 5. f4 c5 6. Nf3 Nc6 7. Be3 Be7 8. Qd2 c4 9. f5 b5 10. fxe6 fxe6 11. Ne2 b4 12. Nf4 Nf8 13. Be2 c3 14. bxc3 bxc3 15. Qd1 g5 16. Nh5 g4 17. Ng1 Bg5 18. Bb5 Bxe3 19. Bxc6+ Bd7 20. Bxd7+ Nxd7 21. Qxg4 Qb6 22. Ng7+ Ke7 23. Nf3 h5 24. Qh4+ Kf7 25. Ke2 Bh6 26. Nxh5 Qb2 27. Ne1 Qxa1 28. Rf1+ Kg6 29. Qg4+ Bg5 30. Nf4+ Kh6 31. Qxe6+ Nf6 32. Qh3+ Kg7 33. exf6+ Bxf6 34. Qg4+ 1-0

[Event "Sort op 5th"]
[Site "Sort"]
[Date "2009.06.28"]
[Round "5"]
[White "Debashis, Das"]
[Black "Devangi, Patankar"]
[Result "1-0"]
[WhiteElo "2352"]
[BlackElo "2078"]
[PlyCount "93"]
[EventDate "2009.06.24"]
[EventType "swiss"]
[EventRounds "9"]
[EventCountry "ESP"]
[SourceTitle "CBM 131 Extra"]
[Source "ChessBase"]
[SourceDate "2009.09.03"]
[SourceVersion "2"]
[SourceVersionDate "2009.09.16"]
[SourceQuality "1"]

1. e4 e6 2. Qe2 d5 3. d3 Ne7 4. Nf3 c5 5. g3 Nbc6 6. Bg2 g6 7. 0-0 Bg7 8. e5 b6 9. Re1 Qc7 10. c4 Ba6 11. Nc3 0-0 12. Nb5 Qd7 13. Bf4 Bxb5 14. cxb5 Na5 15. d4 c4 16. Reb1 Qxb5 17. b4 Nb7 18. a4 Qd7 19. Bd2 a6 20. h4 Nd8 21. Bh3 Qc7 22. Bc3 Ndc6 23. Re1 b5 24. a5 Rae8 25. h5 gxh5 26. Nh4 Ng6 27. Qxh5 Qe7 28. Nf3 Nxb4 29. Bxb4 Qxb4 30. Kg2 c3 31. Ng5 h6 32. Nxe6 fxe6 33. Qxg6 Qxd4 34. Bxe6+ Rxe6 35. Qxe6+ Kh8 36. Re2 Qd3 37. Qg4 b4 38. e6 Qd4 39. Qh5 b3 40. e7 b2 41. exf8Q+ Bxf8 42. Rae1 Qd3 43. Qf7 Bg7 44. Re8+ Kh7 45. Qg8+ Kg6 46. R8e6+ Kh5 47. Rh1+ 1-0

[Event "Sort op 5th"]
[Site "Sort"]
[Date "2009.06.27"]
[Round "4"]
[White "Devangi, Patankar"]
[Black "Kulkarni, Chinmay"]
[Result "1/2-1/2"]
[WhiteElo "2078"]
[BlackElo "2257"]
[PlyCount "122"]
[EventDate "2009.06.24"]
[EventType "swiss"]
[EventRounds "9"]
[EventCountry "ESP"]
[SourceTitle "CBM 131 Extra"]
[Source "ChessBase"]
[SourceDate "2009.09.03"]
[SourceVersion "2"]
[SourceVersionDate "2009.09.16"]
[SourceQuality "1"]

1. e4 c5 2. Nf3 Qa5 3. Bc4 Nc6 4. Nc3 d6 5. 0-0 Nf6 6. h3 e6 7. Re1 Be7 8. e5 dxe5 9. Nxe5 Nxe5 10. Rxe5 0-0 11. Qf3 Qc7 12. Re1 Bd7 13. d3 Bc6 14. Qe2 a6 15. a4 h6 16. Be3 Rad8 17. a5 Rfe8 18. Bd2 Bd6 19. Ne4 Nxe4 20. dxe4 Bf4 21. Bc3 Be5 22. Qe3 Bd4 23. Bxd4 Rxd4 24. Bd3 Red8 25. b3 Qd7 26. Qg3 Bb5 27. Bxb5 Qxb5 28. Qc7 R4d7 29. Qe5 Rd2 30. Re3 Kh7 31. Rg3 g6 32. Rc3 Qe2 33. Qf4 R8d7 34. Rxc5 Rxc2 35. Rc1 Rxc5 36. Rxc5 g5 37. Qe3 Qxe3 38. fxe3 Kg6 39. Rc3 Kf6 40. Kf2 Rd2+ 41. Kf3 Rb2 42. g4 Kg6 43. Rd3 Kf6 44. Rc3 Rb1 45. Kg3 Ke5 46. Kf3 f6 47. Rc5+ Kd6 48. Rc3 Kd7 49. Kg3 Rg1+ 50. Kf2 Rh1 51. Kg2 Rd1 52. Kf3 Rd6 53. Rc4 Rc6 54. Rd4+ Kc7 55. Ke2 Rc3 56. Rb4 Rc6 57. Kd3 Rd6+ 58. Rd4 Kc6 59. Rxd6+ Kxd6 60. Kd4 Kc6 61. Kc4 Kd6 1/2-1/2

[Event "New Delhi Parsvnath op 7th"]
[Site "New Delhi"]
[Date "2009.01.11"]
[Round "2"]
[White "Swapnil, S Dhopade"]
[Black "Devangi, Patankar"]
[Result "1-0"]
[WhiteElo "2361"]
[BlackElo "2084"]
[PlyCount "38"]
[EventDate "2009.01.11"]
[EventType "swiss"]
[EventRounds "10"]
[EventCountry "IND"]
[SourceTitle "CBM 128 Extra"]
[Source "ChessBase"]
[SourceDate "2009.03.05"]
[SourceVersion "2"]
[SourceVersionDate "2009.03.25"]
[SourceQuality "1"]

1. d4 Nf6 2. c4 e6 3. Nf3 Bb4+ 4. Bd2 c5 5. Bxb4 cxb4 6. a3 bxa3 7. Nxa3 d5 8. e3 0-0 9. b4 dxc4 10. Nxc4 Bd7 11. Bd3 Bb5 12. 0-0 Na6 13. Nce5 Qb6 14. Bxb5 Qxb5 15. Qd3 Nc7 16. Rfc1 Qxd3 17. Nxd3 Rfc8 18. Nfe5 Nb5 19. Rc4 Rxc4 1-0

[Event "Commonwealth-ch"]
[Site "Nagpur"]
[Date "2008.10.05"]
[Round "10"]
[White "Mehar, Chinna Reddy CH"]
[Black "Devangi, Patankar"]
[Result "1-0"]
[WhiteElo "2240"]
[BlackElo "2028"]
[PlyCount "60"]
[EventDate "2008.09.28"]
[EventType "swiss"]
[EventRounds "11"]
[EventCountry "IND"]
[SourceTitle "CBM 126 Extra"]
[Source "ChessBase"]
[SourceDate "2008.11.05"]
[SourceVersion "1"]
[SourceVersionDate "2008.11.05"]
[SourceQuality "1"]

1. e4 c5 2. Nf3 d6 3. d4 cxd4 4. Nxd4 Nf6 5. Nc3 a6 6. f3 e5 7. Nb3 Be7 8. Be3 Be6 9. Qd2 0-0 10. 0-0-0 a5 11. a4 Na6 12. g4 Nb4 13. Kb1 Qc8 14. g5 Nh5 15. Qf2 f5 16. gxf6 Nxf6 17. Rg1 Rf7 18. Bg5 Ng4 19. Qd2 Bxg5 20. Qxg5 Rxf3 21. Be2 Rxc3 22. bxc3 Qxc3 23. Qd2 Qc6 24. Bxg4 Bf7 25. Kb2 Qxa4 26. Ra1 Qb5 27. Qxd6 Nxc2 28. Be6 Nd4 29. Bxf7+ Kh8 30. Rg3 a4 1-0

[Event "Commonwealth-ch"]
[Site "Nagpur"]
[Date "2008.10.03"]
[Round "8"]
[White "Akshayraj, Kore"]
[Black "Devangi, Patankar"]
[Result "1-0"]
[WhiteElo "2392"]
[BlackElo "2028"]
[PlyCount "97"]
[EventDate "2008.09.28"]
[EventType "swiss"]
[EventRounds "11"]
[EventCountry "IND"]
[SourceTitle "CBM 126 Extra"]
[Source "ChessBase"]
[SourceDate "2008.11.05"]
[SourceVersion "1"]
[SourceVersionDate "2008.11.05"]
[SourceQuality "1"]

1. e4 c5 2. Nf3 d6 3. c3 Nf6 4. Be2 g6 5. 0-0 Bg7 6. Re1 0-0 7. Bf1 Nc6 8. h3 Qb6 9. Na3 Re8 10. Nc4 Qc7 11. Ne3 e6 12. Qc2 Qb6 13. b3 e5 14. Bb2 Be6 15. Ng5 Rad8 16. Nxe6 fxe6 17. d3 d5 18. Rac1 Rd7 19. exd5 exd5 20. g3 Qd8 21. Bg2 Rf8 22. Re2 Kh8 23. Rce1 Rdf7 24. a3 d4 25. Nc4 Nd5 26. cxd4 exd4 27. Bxd5 Qxd5 28. Bc1 b5 29. Nd2 Ne5 30. f4 Nf3+ 31. Nxf3 Qxf3 32. Kh2 Rc7 33. Re8 Rc8 34. Rxf8+ Bxf8 35. Bb2 Bg7 36. Re4 c4 37. bxc4 bxc4 38. dxc4 Rd8 39. Qe2 Qxe2+ 40. Rxe2 Bf8 41. Kg2 Kg8 42. Kf3 Bc5 43. Ke4 Re8+ 44. Kd3 Rb8 45. Bxd4 Bxa3 46. c5 a5 47. Kc4 Kf7 48. Be5 Rc8 49. Bd6 1-0

[Event "Commonwealth-ch"]
[Site "Nagpur"]
[Date "2008.10.03"]
[Round "7"]
[White "Devangi, Patankar"]
[Black "Karavade, Eesha"]
[Result "1/2-1/2"]
[WhiteElo "2028"]
[BlackElo "2297"]
[PlyCount "103"]
[EventDate "2008.09.28"]
[EventType "swiss"]
[EventRounds "11"]
[EventCountry "IND"]
[SourceTitle "CBM 126 Extra"]
[Source "ChessBase"]
[SourceDate "2008.11.05"]
[SourceVersion "1"]
[SourceVersionDate "2008.11.05"]
[SourceQuality "1"]

1. e4 e5 2. Nf3 Nc6 3. Bc4 Nf6 4. d3 Bc5 5. 0-0 0-0 6. Nbd2 a6 7. c3 d6 8. h3 Ba7 9. Bb3 h6 10. Re1 Be6 11. Bc2 Re8 12. Nf1 d5 13. Ng3 dxe4 14. dxe4 Qxd1 15. Rxd1 Rad8 16. Rxd8 Rxd8 17. Nf1 Bc4 18. Be3 Bxf1 19. Kxf1 Bxe3 20. fxe3 Kf8 21. Ke2 Ke7 22. Rd1 Rd6 23. g4 Rxd1 24. Kxd1 Nd7 25. Ke2 Kd6 26. Bb3 Nd8 27. Ba4 Nb6 28. Bc2 Ne6 29. b4 Ng5 30. Nxg5 hxg5 31. Bb3 f6 32. a4 Nc8 33. Bc2 Ne7 34. Bd3 Nc6 35. Kd1 a5 36. Bb5 Nd8 37. Kc2 axb4 38. cxb4 c5 39. Kc3 cxb4+ 40. Kxb4 Ne6 41. Bc4 Nc5 42. Bd5 Nd3+ 43. Kc3 Nc5 44. Kb4 g6 45. Bf7 Nxe4 46. Bxg6 Nf2 47. Kb5 Kc7 48. Kc5 Nxh3 49. Kd5 Nf2 50. Bf5 Nd1 51. Ke6 Nxe3 52. Kxf6 1/2-1/2

[Event "IND-chB (Women) 35th"]
[Site "Calicut"]
[Date "2008.06.14"]
[Round "11"]
[White "Mohana, Priya J"]
[Black "Devangi, Patankar"]
[Result "1/2-1/2"]
[WhiteElo "2048"]
[BlackElo "2035"]
[PlyCount "45"]
[EventDate "2008.06.06"]
[EventType "swiss"]
[EventRounds "11"]
[EventCountry "IND"]
[SourceTitle "CBM 124 Extra"]
[Source "ChessBase"]
[SourceDate "2008.07.03"]
[SourceVersion "1"]
[SourceVersionDate "2008.07.03"]
[SourceQuality "1"]

1. d4 Nf6 2. c4 e6 3. Nf3 Bb4+ 4. Bd2 c5 5. Bxb4 cxb4 6. Qd3 d6 7. Nbd2 0-0 8. e4 Nc6 9. Be2 Qc7 10. 0-0 e5 11. d5 Ne7 12. Nxe5 dxe5 13. d6 Qd7 14. dxe7 Qxe7 15. Rfd1 b6 16. Nf1 Bb7 17. Bf3 Rfd8 18. Qc2 Qc5 19. Ne3 Rd4 20. Rxd4 exd4 21. Nd5 Bxd5 22. exd5 Rc8 23. Rc1 1/2-1/2

[Event "IND-chB (Women) 35th"]
[Site "Calicut"]
[Date "2008.06.12"]
[Round "10"]
[White "Devangi, Patankar"]
[Black "Gagare, Shalmali"]
[Result "1-0"]
[WhiteElo "2035"]
[BlackElo "2090"]
[PlyCount "97"]
[EventDate "2008.06.06"]
[EventType "swiss"]
[EventRounds "11"]
[EventCountry "IND"]
[SourceTitle "CBM 124 Extra"]
[Source "ChessBase"]
[SourceDate "2008.07.03"]
[SourceVersion "1"]
[SourceVersionDate "2008.07.03"]
[SourceQuality "1"]

1. e4 c6 2. d4 d5 3. e5 c5 4. Nf3 Nc6 5. Bb5 e6 6. c3 cxd4 7. Nxd4 Bd7 8. Nxc6 bxc6 9. Ba4 Qc7 10. Qe2 Bc5 11. Be3 Bb6 12. Bxb6 axb6 13. Bc2 Ne7 14. 0-0 c5 15. Nd2 0-0 16. f4 f5 17. exf6 Rxf6 18. Nf3 Ng6 19. g3 c4 20. a3 Qc5+ 21. Nd4 Re8 22. Bxg6 Rxg6 23. Rae1 Rf6 24. Kg2 Qd6 25. Qh5 Re7 26. Qe5 Qxe5 27. Rxe5 Kf7 28. Rfe1 Re8 29. Kf3 h6 30. h4 Re7 31. g4 Ke8 32. g5 hxg5 33. hxg5 Rf8 34. Nxe6 Bxe6 35. Rxe6 Rxe6 36. Rxe6+ Kd7 37. Rg6 Rf7 38. Rxb6 Kc7 39. Rg6 Kd7 40. Ra6 Rf8 41. Kg4 Rb8 42. Ra7+ Kd6 43. Rxg7 Rxb2 44. Rg6+ Kd7 45. Kf5 Re2 46. Ra6 Re3 47. g6 Rg3 48. g7 Ke7 49. Rg6 1-0

[Event "IND-chB (Women) 35th"]
[Site "Calicut"]
[Date "2008.06.10"]
[Round "6"]
[White "Amrutha, Mokal"]
[Black "Devangi, Patankar"]
[Result "1-0"]
[WhiteElo "2163"]
[BlackElo "2035"]
[PlyCount "85"]
[EventDate "2008.06.06"]
[EventType "swiss"]
[EventRounds "11"]
[EventCountry "IND"]
[SourceTitle "CBM 124 Extra"]
[Source "ChessBase"]
[SourceDate "2008.07.03"]
[SourceVersion "1"]
[SourceVersionDate "2008.07.03"]
[SourceQuality "1"]

1. e4 c5 2. c4 d6 3. Nc3 Nc6 4. g3 g6 5. Bg2 Bg7 6. d3 e6 7. Nge2 Nge7 8. 0-0 0-0 9. Rb1 a6 10. a3 Rb8 11. b4 Nd4 12. b5 axb5 13. Nxd4 cxd4 14. Nxb5 Nc6 15. a4 Re8 16. Ba3 Bf8 17. f4 e5 18. f5 Ra8 19. Rb2 Na7 20. Bb4 Nxb5 21. cxb5 Kg7 22. Rbf2 f6 23. a5 Be7 24. Qb3 Bd7 25. Qd5 Rf8 26. fxg6 hxg6 27. Rc1 Be8 28. Rfc2 Rb8 29. Rc7 Bf7 30. Rxe7 Qxe7 31. Qxd6 Qd8 32. Qxf8+ Qxf8 33. Bxf8+ Kxf8 34. Bh3 Be8 35. Rc8 Rxc8 36. Bxc8 Ke7 37. Bxb7 Kd6 38. Ba6 Bf7 39. Kf2 f5 40. b6 fxe4 41. dxe4 g5 42. Bb5 Kc5 43. b7 1-0

[Event "IND-chB (Women) 35th"]
[Site "Calicut"]
[Date "2008.06.09"]
[Round "5"]
[White "Devangi, Patankar"]
[Black "Swati, Ghate"]
[Result "0-1"]
[WhiteElo "2035"]
[BlackElo "2350"]
[PlyCount "86"]
[EventDate "2008.06.06"]
[EventType "swiss"]
[EventRounds "11"]
[EventCountry "IND"]
[SourceTitle "CBM 124 Extra"]
[Source "ChessBase"]
[SourceDate "2008.07.03"]
[SourceVersion "1"]
[SourceVersionDate "2008.07.03"]
[SourceQuality "1"]

1. e4 e5 2. Bc4 Nf6 3. d3 c6 4. Nf3 Be7 5. 0-0 d6 6. h3 0-0 7. Re1 Nbd7 8. c3 b5 9. Bb3 Bb7 10. Nbd2 Nc5 11. Bc2 Re8 12. Nf1 Bf8 13. Ng3 g6 14. d4 Ncd7 15. Be3 Qe7 16. Qd2 a6 17. Bh6 Rad8 18. Rad1 Bxh6 19. Qxh6 Qf8 20. Qd2 c5 21. d5 c4 22. Nh2 Nc5 23. Qg5 Qg7 24. Qe3 h5 25. Nf3 Rb8 26. Nh4 Nfd7 27. Ne2 a5 28. Qg5 b4 29. cxb4 axb4 30. b3 Ba6 31. Qd2 Rec8 32. f4 c3 33. Qe3 Bxe2 34. Qxe2 exf4 35. Nf3 Ne5 36. Nd4 Re8 37. Rf1 Ra8 38. Bb1 Ned3 39. Rxd3 Rxe4 40. Qf2 Nxd3 41. Bxd3 Rxd4 42. Bc4 Rd2 43. Qxf4 Raxa2 0-1

[Event "IND-chB (Women) 35th"]
[Site "Calicut"]
[Date "2008.06.08"]
[Round "4"]
[White "Padmini, Rout"]
[Black "Devangi, Patankar"]
[Result "0-1"]
[WhiteElo "2238"]
[BlackElo "2035"]
[PlyCount "162"]
[EventDate "2008.06.06"]
[EventType "swiss"]
[EventRounds "11"]
[EventCountry "IND"]
[SourceTitle "CBM 124 Extra"]
[Source "ChessBase"]
[SourceDate "2008.07.03"]
[SourceVersion "1"]
[SourceVersionDate "2008.07.03"]
[SourceQuality "1"]

1. e4 c5 2. Nf3 d6 3. d4 cxd4 4. Nxd4 Nf6 5. Nc3 a6 6. Bg5 e6 7. f4 Qc7 8. Qf3 Nbd7 9. 0-0-0 b5 10. Bd3 Bb7 11. Rhe1 Qb6 12. Nb3 Be7 13. Qg3 b4 14. Nb1 e5 15. N1d2 exf4 16. Qxf4 Ne5 17. Nc4 Qc7 18. Bxf6 gxf6 19. Ne3 Rc8 20. Nd4 Rg8 21. Re2 Qa5 22. Kb1 Nxd3 23. Rxd3 Qe5 24. Qf1 Bxe4 25. Ndf5 Kf8 26. Nxe7 Qxe7 27. Nd5 Bxd3 28. Nxe7 Bxe2 29. Qxe2 Re8 30. Qxa6 Rxe7 31. Qxd6 Rxg2 32. b3 Rg4 33. Qxf6 Re1+ 34. Kb2 Reg1 35. Qh8+ Ke7 36. Qxh7 R1g2 37. a3 bxa3+ 38. Kxa3 Ke6 39. b4 f5 40. Qh6+ Kd5 41. Kb3 f4 42. c4+ Ke4 43. Qe6+ Kd3 44. Qd5+ Ke2 45. Qe4+ Kf2 46. Qd4+ Ke2 47. Qb2+ Kf1 48. Qc1+ Kf2 49. c5 f3 50. c6 Ke2 51. c7 Rg8 52. Qc2+ Ke3 53. Qc3+ Ke2 54. Qe5+ Kf1 55. Qa1+ Ke2 56. Qb2+ Kf1 57. Qc1+ Ke2 58. Qc4+ Ke3 59. b5 f2 60. b6 Rg1 61. Qe6+ Kd2 62. Qd5+ Ke3 63. Qe5+ Kd2 64. Qf4+ Ke2 65. Qe4+ Kd2 66. Qf4+ Ke2 67. b7 Rb1+ 68. Kc2 Rxb7 69. Qe4+ Kf1 70. Qxb7 Kg1 71. Qb6 Kg2 72. Qc6+ Kg1 73. Qc5 Rc8 74. Qg5+ Kh1 75. Qd5+ Kg1 76. Qc5 Kg2 77. Qc6+ Kg1 78. Qc4 f1Q 79. Qxf1+ Kxf1 80. Kd3 Rxc7 81. Ke4 Rh7 0-1

[Event "Balaguer op 12th"]
[Site "Balaguer"]
[Date "2007.07.18"]
[Round "3"]
[White "Vehi Bach, Victor Manuel"]
[Black "Devangi, Patankar"]
[Result "1-0"]
[WhiteElo "2388"]
[BlackElo "1944"]
[PlyCount "53"]
[EventDate "2007.07.16"]
[EventType "swiss"]
[EventRounds "10"]
[EventCountry "ESP"]
[SourceTitle "CBM 119 Extra"]
[Source "ChessBase"]
[SourceDate "2007.09.04"]
[SourceVersion "1"]
[SourceVersionDate "2007.09.04"]
[SourceQuality "1"]

1. e4 c5 2. Nf3 d6 3. d4 cxd4 4. Nxd4 Nf6 5. Nc3 a6 6. Be3 e5 7. Nb3 Be6 8. Qd2 Be7 9. f4 exf4 10. Bxf4 b5 11. 0-0-0 0-0 12. Be2 b4 13. Nd5 Nxe4 14. Qxb4 Nf2 15. Nxe7+ Qxe7 16. Bxd6 Qg5+ 17. Qd2 Qxd2+ 18. Rxd2 Rd8 19. Bf3 Nxh1 20. Bxa8 Nd7 21. Bf3 Nb6 22. Bc5 Rxd2 23. Nxd2 Nd7 24. Bd4 Nf6 25. Kd1 Bd5 26. Bxf6 Bxf3+ 27. Nxf3 1-0

[Event "IND-chB (Women) 34th"]
[Site "Hyderabad"]
[Date "2007.05.21"]
[Round "?"]
[White "Devangi, Patankar"]
[Black "Mohana, Priya J"]
[Result "1/2-1/2"]
[WhiteElo "1968"]
[BlackElo "1986"]
[PlyCount "58"]
[EventDate "2007.05.21"]
[EventType "swiss"]
[EventRounds "11"]
[EventCountry "IND"]
[SourceTitle "EXT 2010"]
[Source "ChessBase"]
[SourceDate "2010.11.25"]
[SourceVersion "1"]
[SourceVersionDate "2010.11.25"]
[SourceQuality "1"]

1. e4 e5 2. Nf3 Nc6 3. Bc4 Bc5 4. c3 Nf6 5. d3 d6 6. 0-0 0-0 7. Nbd2 a6 8. Bb3 Ba7 9. a3 h6 10. Re1 Nh5 11. Nf1 Qf6 12. Be3 Nf4 13. d4 Na5 14. Bc2 Nc4 15. Bc1 c5 16. h3 Na5 17. d5 b5 18. Ng3 g6 19. Bd2 c4 20. Be3 h5 21. b4 Nb7 22. Nh2 h4 23. Ne2 Bxe3 24. fxe3 Nxh3+ 25. gxh3 Bxh3 26. Nf4 exf4 27. Qf3 Qg5+ 28. Kh1 Qg3 29. exf4 Kg7 1/2-1/2